MARC

LEADER 00000nam0a2200000 4500
001 191583
005 20231101224349.0
010 |b 1000 экз. 
035 |a (RuTPU)RU\TPU\book\208906 
035 |a RU\TPU\tpu\2158 
090 |a 191583 
100 |a 20110207d1928 k y0rusy50 ca 
101 0 |a rus 
102 |a RU 
105 |a a z 001zy 
200 1 |a Основы геологии при проведении туннелей  |f М. И. Евдокимов-Рокотовский 
210 |a Томск  |c Красное знамя  |d 1928 
215 |a 192 с.  |c ил. 
320 |a Библиогр.: с. 184-189 
320 |a Указатель туннелей, упоминаемых в "Основах геологии при проведении туннелей": с. 190-192 
606 1 |a Инженерная геология  |2 stltpush  |3 (RuTPU)RU\TPU\subj\12572  |9 39335 
610 1 |a туннели 
610 1 |a горные массивы 
610 1 |a температура 
610 1 |a подземные воды 
610 1 |a подземные газы 
610 1 |a коллекция ТПУ 
610 1 |a труды учёных ТПУ 
675 |a 624.131.1  |v 3 
700 1 |a Евдокимов-Рокотовский  |b М. И.  |c советский инженер-строитель  |c профессор ТПИ  |f 1887-?  |g Михаил Ильич  |2 stltpush  |3 (RuTPU)RU\TPU\pers\21864 
801 0 |a RU  |b 63413507  |c 20011210  |g PSBO 
801 2 |a RU  |b 63413507  |c 20201127  |g PSBO 
942 |c BK